000 00498nam a2200181Ia 4500
999 _c19979
_d19979
003 OSt
005 20200701124122.0
008 190216s9999||||xx |||||||||||||| ||und||
020 _a9780582493025
040 _coclc
082 _a909.097671
_bHOL/A
100 _aHolt, P M
_92346
245 4 _aThe Age Of The Crusades /
_cP M Holt
260 _bLongmans,
_c1986.
_aLondon:
300 _a250p
650 _aHistory
942 _cBK
_2ddc
_h909.097671
_iHOL/A
_k909.097671
_mHOL/A